| 000 | 00882nam0a22002531 4500 | ||
|---|---|---|---|
| 001 | rc\2939537 | ||
| 005 | 20250529232007.0 | ||
| 035 | _a(NLR Aleph) 007088428 | ||
| 090 |
_a6548688 _c6548688 |
||
| 100 | _a20110824d1933 |||y0rusy50 ca | ||
| 101 | 0 | _arus | |
| 102 | _aRU | ||
| 105 | _ay z ||||| | ||
| 200 | 1 |
_aВоенные долги _fГарольд Мультон, Лео Позвольский |
|
| 210 |
_aМосква _aЛенинград _cГос. соц.-экон. изд-во _d1933 [на обл.: 1934] _eМосква _g5 тип. треста "Полиграфкнига" |
||
| 215 |
_a306, [2] с. _d20×13 см |
||
| 700 | 1 |
_aМультон _bГ.Г. _gГарольд Г. |
|
| 701 | 1 |
_aПозвольский _bЛ. _gЛео |
|
| 801 | 0 |
_aRU _bNLR _gpsbo |
|
| 801 | 1 |
_aRU _bELAR _2rusmarc |
|
| 852 |
_aNLR _jЭк64 В-3/7 |
||
| 852 |
_aNLR _j34-2/430 |
||
| 942 | _cBOOK | ||
| 980 | _aNB | ||